Recueil sur les techniques peu polluantes ou sans dechets

Na minha lista:
Detalhes bibliográficos
Formato: Livro
Idioma:francês
Publicado em: Genéve National unies 1981
Tags: Adicionar Tag
Sem tags, seja o primeiro a adicionar uma tag!

MARC

LEADER 00000nam a2200000 4500
001 0303143
005 20250529093622.0
041 0 |a fre 
044 |a CH 
245 1 0 |a Recueil sur les techniques peu polluantes ou sans dechets 
264 1 |a Genéve  |b National unies  |c 1981